000 00581nab#a2200193#c#4500
999 _c19045
_d19045
003 IEF
005 20191205184325.0
008 950704s1975 uuu|| #####0 b| |u
040 _aIEF
_cES-MaIEF
100 1 _aPereira Rodriguez, Jorge Juan
_934886
245 _aDimensión y estructura de los servicios públicos
_baspectos comparados
_c Jorge Juan Pereira Rodríguez
260 _c1975
650 4 _aSERVICIOS PUBLICOS
_948391
650 4 _aGASTO PUBLICO
_944787
773 0 _tHacienda pública española
_w34570
_g36, p. 67-102
942 _2udc
942 _2udc